|
|
|
|
| LEADER |
00000ny a22000003n 4500 |
| 005 |
20110511143752.0 |
| 008 |
071017c19uu9999us mr pss 0 a0eng d |
| 035 |
|
|
|a 3074
|
| 040 |
|
|
|a BUS
|d vLex
|
| 090 |
|
|
|c 1703
|d 1703
|
| 245 |
3 |
0 |
|a Airguide Online
|h [Recurso electrn̤ico]
|
| 256 |
|
|
|a Servicio en ln̕ea
|
| 260 |
|
|
|a New York :
|b Pyramid Media Group
|
| 506 |
1 |
|
|a Contenido solo disponible en los productos indicados
|d vLex Global
|d vLex Global (Academic Edition, excluding Law Schools)
|d vLex Global (Academic Edition, Law Schools)
|
| 650 |
0 |
4 |
|a Internet
|x Publicaciones perid̤icas
|
| 740 |
0 |
|
|a vLex Revista (Servicios en ln̕ea)
|
| 843 |
|
|
|a Electrn̤ica. Abierta
|
| 853 |
|
|
|8 1
|i (year)
|j (month)
|k (day)
|
| 856 |
4 |
0 |
|z Acceso restringido
|u http://vlex.com/account/login_ip?fuente_id=3074
|
| 942 |
|
|
|c REV
|